000
002370000a22000970004500
100
1
_a
Arrastía, Cecilio (1922-)
245
1
0
_a
La tienda
300
_a
Vol. 3, Núm 13 (1991), Páginas 14-15
773
0
_t
Impacto Presbiteriano
942
_c
ANA
999
_c
50963
_d
50963